00259nam a2200109Ia 4500100003000000250000600030654002100036245003000057260004100087300000900128546001200137 aSedva/Adels/ Smith/ K.C.  a4 amicroelectronics aMicroelectronics Circuits bOxford universityaNew Jerseyc1998 a1237 aENGLISH